| 000 | 01062nam a2200301 u 4500 | ||
|---|---|---|---|
| 001 | 000002250 | ||
| 003 | DO-SdBNP | ||
| 005 | 20250409114810.0 | ||
| 007 | ta | ||
| 008 | 090701s1988 dr a r 000 0 spa d | ||
| 040 |
_aDO-SdBNP _bspa _cBNPHU _erda |
||
| 082 | 4 |
_a330.9729 _bC387e _222 |
|
| 100 | 1 |
_aCeara-Hatton, Miguel _91685 |
|
| 245 | 1 | 4 |
_aLas economías caribeñas en la decada del ochenta / _cMiguel Ceara Hatton. |
| 264 | 1 |
_aSanto Domingo : _bCIECA, _c1988. |
|
| 300 |
_a66 páginas _bilustraciones _c22 cm. |
||
| 336 |
_2rdacontent _atexto _btxt |
||
| 337 |
_2rdamedia _asin mediación _bn |
||
| 338 |
_2rdacarrier _avolumen _bnc |
||
| 490 | _aEnsayos de economía | ||
| 500 | _aIncluye referencias bibliográficas y notas al pie de las páginas | ||
| 504 | _aBibliografía : p. 60-66 | ||
| 590 | _aInventariado, 2021 / DG | ||
| 651 | 0 |
_aCaribe (Región) _xCondiciones económicas _y1980-1990 _987401 |
|
| 710 | 2 |
_aCentro de Investigación Económica (República Dominicana), _952465 |
|
| 910 | _aValidado. Control de calidad MFF | ||
| 942 |
_2ddc _cLBS1 |
||
| 999 |
_c2096 _d2096 |
||